A short history of the USSR : (Record no. 26962)
[ view plain ]
| 000 -LEADER | |
|---|---|
| fixed length control field | 00979nam a2200289 4500 |
| 001 - CONTROL NUMBER | |
| control field | 26962 |
| 003 - CONTROL NUMBER IDENTIFIER | |
| rucl marc code | BD-RjUL |
| 005 - DATE AND TIME OF LATEST TRANSACTION | |
| control field | 20211209051107.0 |
| 008 - FIXED-LENGTH DATA ELEMENTS--GENERAL INFORMATION | |
| fixed length control field | 140324s1972 ru ac 000 0 eng |
| 035 ## - SYSTEM CONTROL NUMBER | |
| System control number | (BD-RjUL)27033 |
| 040 ## - CATALOGING SOURCE | |
| Original cataloging agency | DLC |
| Transcribing agency | DLC |
| Modifying agency | DLC |
| -- | BD-RjUL |
| Language of cataloging | eng |
| 041 1# - LANGUAGE CODE | |
| Language code of text/sound track or separate title | engrus |
| 082 00 - DEWEY DECIMAL CLASSIFICATION NUMBER | |
| Classification number | 947 |
| Author mark and year | ALS 1972 |
| 100 1# - MAIN ENTRY--PERSONAL NAME | |
| Personal name | Alekseev, Sergeĭ |
| Fuller form of name | (Sergeĭ Petrovich) |
| 9 (RLIN) | 82862 |
| 245 12 - TITLE STATEMENT | |
| Title | A short history of the USSR : |
| Remainder of title | a popular outline / |
| Statement of responsibility, etc. | A. Alexeyev, V. Kartsov [and] A. Troitsky. |
| 260 ## - PUBLICATION, DISTRIBUTION, ETC. (IMPRINT) | |
| Place of publication, distribution, etc. | Moscow : |
| Name of publisher, distributor, etc. | Progress Publishers, |
| Date of publication, distribution, etc. | 1972. |
| 300 ## - PHYSICAL DESCRIPTION | |
| Pagination | 177 p. : |
| Illustrations | ill., ports. ; |
| Size | 21 cm. |
| 350 ## - PRICE (NR) (BK AM CF MU VM SE) [OBSOLETE] | |
| Price | 0.98rub |
| 500 ## - GENERAL NOTE | |
| General note | Translation of Kratkai︠a︡ istorii︠a︡ SSSR. |
| 651 #0 - SUBJECT ADDED ENTRY--GEOGRAPHIC NAME | |
| Geographic name | Soviet Union |
| General subdivision | History. |
| 9 (RLIN) | 82863 |
| 700 1# - ADDED ENTRY--PERSONAL NAME | |
| Personal name | Kart︠s︡ov, Vladimir Gennadievich, |
| Relator term | joint author. |
| Personal name | Troit︠s︡kiĭ, A. I︠A︡., |
| Relator term | joint author. |
| 942 ## - ADDED ENTRY ELEMENTS (KOHA) | |
| Source of classification or shelving scheme | Dewey Decimal Classification |
| Koha item type | Books |
| Lost status | Source of classification or shelving scheme | Damaged status | Not for loan | Collection code | Permanent Location | Current Location | Shelving location | Date acquired | Source of acquisition | Cost, normal purchase price | Total Checkouts | Full call number | Date last seen | Copy number | Koha item type |
|---|---|---|---|---|---|---|---|---|---|---|---|---|---|---|---|
| Dewey Decimal Classification | Added to bundle | Non-fiction | Central Library, University of Rajshahi | Central Library, University of Rajshahi | Reading Room | 02/04/1974 | Soviet Pustok Pro. | 10.50 | 947 ALS 1972 | 24/03/2014 | C-1 | Books | |||
| Dewey Decimal Classification | Added to bundle | Non-fiction | Central Library, University of Rajshahi | Central Library, University of Rajshahi | Reading Room | 02/04/1974 | Soviet Pustok Pro. | 10.50 | 947 ALS 1972 | 24/03/2014 | C-2 | Books | |||
| Dewey Decimal Classification | Added to bundle | Non-fiction | Central Library, University of Rajshahi | Central Library, University of Rajshahi | Reading Room | 02/04/1974 | Soviet Pustok Pro. | 10.50 | 947 ALS 1972 | 24/03/2014 | C-3 | Books |